Il fascino del fascismo rosa : ovvero: i sette vizi capitali della pubblicità /

Sábháilte in:
Sonraí bibleagrafaíochta
Príomhchruthaitheoir: Rubin, Jessica (Údar)
Formáid: LEABHAR
Teanga:Iodáilis
Foilsithe / Cruthaithe: Roma! : Malatempora, /200.!
Clibeanna: Cuir clib leis
Níl clibeanna ann, Bí ar an gcéad duine le clib a chur leis an taifead seo!

MARC

LEADER 00000nam a22000007i 4500
001 IT\ICCU\VIA\0091116
003 ItRI
005 20240218163033.0
008 020123q20002009it |||||| ||||| |||||c
020 |a 888210236X 
040 |b ita  |c GP 
041 7 |a ita  |2 ISO-639-2 
100 1 |a Rubin, Jessica  |0 IT\ICCU\VIAV\105547  |4 aut 
245 1 3 |a Il fascino del fascismo rosa :  |b ovvero: i sette vizi capitali della pubblicità /  |c Jessica Rubin!. 
260 |a Roma! :  |b Malatempora,  |c /200.! 
300 |a 93 p., \17! c. :  |b ill. ;  |c 24 cm 
500 |a Nome dell'A. si ricava dalla cop. 
942 |2 ddc  |c BK 
952 |0 0  |1 0  |2 ddc  |4 0  |6 659_100000000000000_RUB  |7 1  |9 568  |a RM  |b RM  |d 2024-01-30  |l 0  |o 659.1 RUB  |p 65  |r 2024-01-30 19:09:20  |w 2024-01-30  |y BK 
981 1 |6 z01  |a i   |b xxxe  
982 1 |6 z01  |a n 
999 |c 505  |d 505